Research reports, Social studies. Volume XIX.

Bibliografiske detaljer
Institution som forfatter: BRAC. Research and Evaluation Division
Format: Bog
Sprog:English
Fag:
Classic Catalogue: View this record in Classic Catalogue
LEADER 01814nam a22002777a 4500
001 32478
003 BD-DhAAL
005 20250408124124.0
008 171130t1998 bg a|||| |||| 00| 0 eng d
040 |a BD-DhAAL  |c BD-DhAAL 
082 |a 306.095492  |2 22 
245 |a Research reports,  |f (1998),  |p Social studies.  |n Volume XIX. 
264 |a Dhaka :  |b Research and Evaluation Division, BRAC,  |c 1998. 
300 |a 246 pages :  |b illustrations ;  |c 30 cm. 
362 |a Vol. 19 
504 |a Includes bibliographical references. 
541 |a Complementary copy from BRAC  |e 32478, 42866 
610 |a BRAC  |9 14405 
651 |a Bangladesh  |x Social condition.  |9 24143 
710 |a BRAC.  |b Research and Evaluation Division.  |9 14405 
852 |a Ayesha Abed Library  |c BRAC Resource Section 
942 |2 ddc  |c BK 
999 |c 38785  |d 38785 
952 |0 0  |1 0  |2 ddc  |4 0  |6 306_095492000000000_RES  |7 1  |8 RPT  |9 62244  |a BRACUL  |b BRACUL  |c BRS  |d 2017-12-10  |e Complimentary copy from Research and Evaluation Division (RED), BRAC;  |l 0  |o 306.095492 RES  |p 3010032478  |r 2017-12-10  |t 1  |w 2017-12-10  |y BK  |x Complimentary copy from Research and Evaluation Division (RED), BRAC;; Price not available in register. 
952 |0 0  |1 0  |2 ddc  |4 0  |6 306_095492000000000_RES  |7 1  |8 RPT  |9 75984  |a BRACUL  |b BRACUL  |c BRS  |d 2024-08-14  |e Complimentary copy from Research and Evaluation Division (RED), BRAC  |l 0  |o 306.095492 RES  |p 3010042866  |r 2024-08-14  |t 2  |w 2024-08-14  |y BK  |x Complimentary copy from Research and Evaluation Division (RED), BRAC; Price not available in register. 
952 |0 0  |1 0  |2 ddc  |4 0  |6 306_095492000000000_RES  |7 0  |8 RPT  |9 77232  |a SCL  |b SCL  |c GEN  |d 2025-01-30  |e Complimentary copy from Research and Evaluation Division (RED), BRAC  |l 0  |o 306.095492 RES  |p 3020044031  |r 2025-01-30  |t 3  |w 2025-01-30  |y BK  |x Complimentary copy from Research and Evaluation Division (RED), BRAC; Price not available in register.